000 00408nam a2200181Ia 4500
001 11516
005 20260306162833.0
008 260306t2007||||xx |||||||||||||| ||spa||
041 _aESP
082 _a985.0643
_bH59
100 _aLexus Editores
_eAUT
245 0 _aHistoria del Perú
260 _c2007
300 _a1232 páginas :
_c
650 _aGEN
654 _aCHU
942 _cLIB
_dJUS
_fJUS
_2ddc
_n
999 _c11516
_d11516